000 00645cab a2200229 4500
001 ABS56083
008 090401t1996 xxu||||| |||| 00| 0 eng d
035 _a(Sirsi) u21026
041 _aeng
100 _aLee, M.
245 _a`Hot buttons` keep client interest warm
260 _c1996
350 _a0
490 _aProperty Week
_v57(2) 11 October 1996, 28-29(2)
520 _aAdvice on how to convert interest into new clients and business.
650 _aMARKETING
650 _aPRACTICE MANAGEMENT
650 _aPROMOTION
690 _aMANAGEMENT-BUSINESS MANAGEMENT-PROFESSIONAL PRACTICE
942 _n0
948 _c04/03/1997
999 _c14109
_d14109